Obraz Doriana Graya

Podrobná bibliografia
Hlavný autor: Wilde, Oscar, 1854-1900 (Autor)
Ďalší autori: Mihál, Ján, 1891-1969 (Prekladateľ), Salay, Gejza, 1902-1963 (Autor obálky)
Médium: Kniha
Jazyk:slovenčina
angličtina
Fyzický popis:293, [2] s. 21 cm
Vydavateľské údaje: Bratislava Ján Horáček 1947
Predmet:

MARC

LEADER 00000cam a2200000 a 4500
001 vtls008406352
003 SK-MaSNL
005 20260301222319.0
008 250312s1947 xo g 000 f slo
015 |a SNBA19451955-013825 
035 |a SK01SNKBKSFS20010098569 
035 |a urn:nbn:sk:snk-am3i32z 
035 |a 280C4B86-6908-4196-BE1E-EF38BA15CBD7 
035 |a urn:nbn:sk:snk-am00di5j 
035 |a SKM000101032 
040 |a SNK  |b slo  |c SNK  |e AACR2 
041 1 |a slo  |h eng 
044 |a xo  |c SK 
080 |a 820  |2 1981 
100 1 |a Wilde, Oscar,  |d 1854-1900  |4 aut  |9 104450 
245 1 0 |a Obraz Doriana Graya  |c Oscar Wilde ; [z anglického originálu preložil Ján Mihál] 
260 |a Bratislava  |b Ján Horáček  |c 1947  |e Turčiansky Sv. Martin  |f Kníhtlačiarsky účastinársky spolok 
300 |a 293, [2] s.  |c 21 cm 
500 |a Ob. Gejza Salaj 
650 0 7 |a anglická literatúra  |2 SNKPH  |9 1295 
655 7 |a romány  |2 SNKPH  |9 1390 
700 1 |a Mihál, Ján,  |d 1891-1969  |4 trl  |9 98337 
700 1 |a Salay, Gejza,  |d 1902-1963  |4 bjd  |9 117535 
852 |a Slovenská národná knižnica 
958 |a RK 
958 |a TL 
958 |a LX 
958 |a UP 
958 |a OND 
999 |c 939439  |d 941369 
952 |a SNK  |b SNK  |y PREZ  |7 0  |p 17A0757305  |o snkSC 3764  |i snk5206/47  |0 0  |1 0  |4 0  |d 2011-12-02  |f 1  |l 0  |r 2025-06-25 00:00:00  |w 2026-02-24 
952 |a SNK  |b SNK  |y VYP  |7 0  |p 17A0164536  |o snkSC 3764 D1  |i snkKSF 128/56  |8 5  |0 0  |1 0  |4 0  |d 1998-10-14  |l 0  |r 2005-01-02 00:00:00  |w 2026-02-24 
952 |a SNK  |b SNK  |y PREZ  |7 0  |p 17A0220875  |o snkSC 3764 D2  |i snkF 686/63  |8 5  |0 0  |1 0  |4 0  |d 1999-12-07  |l 0  |r 2005-01-02 00:00:00  |w 2026-02-24